000 00403cam a22001217a 4500
008 180718b1989 xxu||||| |||| 00| 0 eng d
100 _aSundaravej, Tipsuda
245 _aExperiences of Financial Distress in Thailand
_cby Tipsuda Sundaravej and Prasarn Trairatvorakul
260 _aWashington, D.C.
_bIBRD
_c1989
300 _a28p.
440 _aWorking Papers WPS 283
700 _aTrairatovorakul, Prasarn
999 _c226383
_d226383